Ciudad Juárez Int. Airport Destinations (Ciudad Juárez, Mexico) - Statistics

General Stats
  • This quiz has been taken 37 times
    19 since last reset
  • The average score is 6 of 12
Answer Stats
Airline Destination % Correct
Aeroméxico/Aeroméxico Connect/Viva/Volaris Mexico City
94%
Viva/Volaris Mexico City (AIFA)
94%
Viva/Volaris Monterrey
94%
Viva/Volaris Cancún
88%
Viva/Volaris Guadalajara
81%
Volaris Tijuana
56%
Viva Leon/Del Bajío
44%
Viva Puerto Vallarta
38%
Viva Mazatlán
19%
TAR Hermosillo
6%
TAR Querétaro
6%
TAR Torreón/Gómez Palacio
0%
No matching quizzes found
Score Distribution
Percent of People with Each Score
Percentile by Number Answered
Your Score History
You have not taken this quiz since the last reset